000
00362nam a2200133Ia 4500
008
231129s9999||||xx |||||||||||||| ||spa||
020
_a
84-7101-317-7
040
_b
spa
082
_a
614.4 M167e
100
_a
MacMahon Brian
245
0
_a
Epidemiología
264
_a
Madrid España : Marbán Libros
942
_2
ddc
_c
BKS
999
_c
13227
_d
13227